60 längste Flüsse - Statistiken

Allgemein
  • Dieses Quiz wurde 29 mal gespielt
  • Das Durchschnittsergebnis liegt bei 12 aus 60
Antwortstatistiken
Rang Länge Fluss % Korrekt
1. 6'650 km Nil
100%
2. 6'400 km Amazonas
96%
45. 1'904 km Don
93%
17. 3'530 km Wolga
93%
27. 2'857 km Donau
89%
4. 6'051 km Mississippi
85%
10. 4'692 km Lena
70%
9. 4'835 km Kongo
52%
13. 4'184 km Niger
52%
6. 5'410 km Ob
52%
11. 4'500 km Mekong
44%
3. 6'380 km Jangtsekiang
41%
30. 2'574 km Sambesi
41%
21. 3'180 km Indus
30%
22. 3'034 km Rio Grande
30%
7. 5'052 km Amur
26%
37. 2'201 km Dnepr
26%
34. 2'333 km Colorado River
22%
33. 2'428 km Ural
22%
5. 5'540 km Jenissei
15%
20. 3'185 km Yukon River
15%
12. 4'260 km Mackenzie
11%
24. 3'010 km Orinoco
11%
14. 3'998 km Paraná
11%
41. 2'160 km Oranje
7%
36. 2'240 km Columbia River
4%
8. 4'845 km Huáng Hé
4%
50. 1'800 km Okavango
4%
51. 1'790 km Río Uruguay
4%
16. 3'596 km Schatt al-Arab
4%
23. 3'019 km Syrdarja
4%
57. 1'590 km Alaseja
0%
28. 2'743 km Amudarja
0%
42. 2'060 km Brazos River
0%
55. 1'636 km Chatanga
0%
56. 1'609 km Churchill River
0%
60. 1'465 km Godavari
0%
43. 1'977 km Indigirka
0%
40. 2'170 km Irrawaddy
0%
59. 1'492 km Jana
0%
44. 1'910 km Juba
0%
31. 2'513 km Kolyma
0%
52. 1'750 km Limpopo
0%
18. 3'450 km Meghna
0%
15. 3'672 km Murray River
0%
29. 2'671 km Nelson River
0%
49. 1'806 km Nördliche Dwina
0%
35. 2'292 km Olenjok
0%
48. 1'809 km Petschora
0%
46. 1'872 km Río Colorado
0%
58. 1'538 km Río Magdalena
0%
54. 1'716 km Rio Parnaíba
0%
19. 3'199 km Rio São Francisco
0%
32. 2'450 km Rio Tocantins
0%
25. 2'980 km Saluen
0%
26. 2'930 km Sankt-Lorenz-Strom
0%
53. 1'740 km Schari
0%
39. 2'190 km Tarim
0%
47. 1'819 km Volta
0%
38. 2'197 km Xi Jiang
0%
Keine übereinstimmenden Quizze gefunden
Verteilung der Resultate
Anzahl Personen mit jedem Resultat
Perzentil nach korrekt beantworteten Fragen
Ihre Resultats-Entwicklung
Sie haben dieses Quiz noch nicht gespielt